000 00785nam a22002177a 4500
003 UA-OsUOA
001 71091
007 ta
008 20101005b un ||||| |||| 00| 0 ukr d
100 _aСемена О.
090 _a659
_bС28
942 _cSA
040 _aUA-OsUOA
_bukr
_cUA-OsUOA
_dUA-OsUOA
245 _aДо чого призводить "заниження культурного рівня"? Про інтелектуальну спадщину, сучасне ТБ і вимоги до влади
300 _aС.6-7
955 _a0
041 _aukr
080 _a659
773 0 _w71090
650 7 _a659 Реклама. Система інформації. Громадська інформація та реклама (Паблик-Рилейшнз)
_2UDC
999 _c357361
_d357361